Countries Closest to the UK with Exceptions - Statistics

General Stats
  • This quiz has been taken 59 times
  • The average score is 20 of 24
Answer Stats
Distance (km) Country % Correct
2638 Morocco
100%
2591 Tunisia
98%
3068 Algeria
96%
4200 Egypt
96%
3382 Turkey
94%
4031 Israel
92%
3949 Syria
92%
4059 Azerbaijan
88%
4151 Jordan
88%
3842 Lebanon
88%
3636 Libya
88%
3635 Georgia
87%
4365 Iraq
87%
4204 Mali
87%
3873 Mauritania
85%
4827 Chad
83%
4312 Niger
83%
3592 Cyprus
81%
3905 Armenia
79%
4644 Senegal
75%
4775 Gambia
67%
4705 Kazakhstan
63%
4799 Cape Verde
62%
4800 Burkina Faso
60%
No matching quizzes found
Score Distribution
Percent of People with Each Score
Percentile by Number Answered
Your Score History
You have not taken this quiz